[Event "Trieste op 20th"]
[Site "Trieste"]
[Date "2018.09.07"]
[Round "8"]
[White "Bove, Alessandro"]
[Black "Tomazini, Zan"]
[Result "0-1"]
[WhiteElo "2317"]
[BlackElo "2416"]
[PlyCount "140"]
[EventDate "2018.09.01"]
[EventType "swiss"]
[EventRounds "9"]
[EventCountry "ITA"]
[SourceTitle "CBM 186 Extra"]
[Source "ChessBase"]
[SourceDate "2018.08.24"]
[SourceVersion "1"]
[SourceVersionDate "2018.08.24"]
[SourceQuality "1"]

1. c4 g6 2. d4 Bg7 3. Nc3 Nf6 4. e4 0-0 5. Be2 d6 6. Be3 Na6 7. Nf3 Ng4 8. Bg5 h6 9. Bh4 c5 10. h3 cxd4 11. Nxd4 Ne5 12. 0-0 Nc6 13. Nb3 Nc5 14. Nd2 Nd4 15. Rc1 Bd7 16. b4 Nce6 17. Bd3 a5 18. b5 Nf4 19. Nb3 Nde6 20. Na4 b6 21. Bg3 Be5 22. Qd2 Rb8 23. Rfd1 g5 24. Bf1 Kh8 25. Nc3 Rg8 26. Kh1 Bc8 27. Qe3 Bb7 28. Nd5 Ba8 29. Nd2 f6 30. Nf3 Ng6 31. Nxe5 fxe5 32. Be2 Nc5 33. Bh5 Bxd5 34. Bxg6 Rxg6 35. cxd5 Qd7 36. Qe2 Rf8 37. Bh2 g4 38. Rc3 Kh7 39. h4 Rgf6 40. Bg3 h5 41. Kg1 Qe8 42. Rc2 Qg6 43. Re1 Rc8 44. Rc4 Rff8 45. Kh2 Kg7 46. Kg1 Kf7 47. Kh2 Ke8 48. Kg1 Kd7 49. Kh2 Kc7 50. Kg1 Kb7 51. Kh2 Qe8 52. Rb1 Qg6 53. Re1 Rc7 54. Qe3 Rfc8 55. Rd1 Qe8 56. Rb1 Qg6 57. Re1 Ka7 58. Rd1 Qe8 59. Rb1 Kb7 60. Qh6 Ka7 61. Kg1 Ne6 62. Rxc7+ Nxc7 63. a4 Na8 64. Rc1 Rc5 65. Rxc5 bxc5 66. Qd2 Kb6 67. f3 gxf3 68. Be1 Qg6 69. Qxa5+ Kb7 70. g3 Qxe4 0-1

[Event "Trieste op 20th"]
[Site "Trieste"]
[Date "2018.09.04"]
[Round "5"]
[White "Gukesh, Dommaraju"]
[Black "Bove, Alessandro"]
[Result "1/2-1/2"]
[WhiteElo "2453"]
[BlackElo "2317"]
[PlyCount "134"]
[EventDate "2018.09.01"]
[EventType "swiss"]
[EventRounds "9"]
[EventCountry "ITA"]
[SourceTitle "CBM 186 Extra"]
[Source "ChessBase"]
[SourceDate "2018.08.24"]
[SourceVersion "1"]
[SourceVersionDate "2018.08.24"]
[SourceQuality "1"]

1. Nf3 Nf6 2. g3 g6 3. Bg2 Bg7 4. 0-0 0-0 5. d4 a6 6. Nbd2 Nc6 7. e4 d5 8. exd5 Qxd5 9. c4 Qh5 10. d5 Nb4 11. Qb3 a5 12. a3 Na6 13. Re1 Nc5 14. Qe3 b6 15. Qxe7 Bd7 16. Re5 Rfe8 17. Rxh5 Rxe7 18. Re5 Rae8 19. Rxe7 Rxe7 20. b4 Nd3 21. Rb1 Ng4 22. bxa5 bxa5 23. Bh3 Ndxf2 24. Bf1 Nd1 25. Rb8+ Re8 26. Rb7 Nc3 27. Rxc7 Bf5 28. Nb3 Ne2+ 29. Bxe2 Rxe2 30. d6 a4 31. Nbd2 Ne5 32. Re7 Nxf3+ 33. Nxf3 Rxe7 34. dxe7 Bd7 35. Bd2 Bb2 36. Bb4 f6 37. Kf2 Kf7 38. Ke3 Be6 39. Kd3 Bf5+ 40. Kd2 Bg4 41. Ne1 Be6 42. Nd3 Bd4 43. Bc3 Bg1 44. Bxf6 Bxh2 45. Nc5 Bxc4 46. Ne4 Bb5 47. Bh4 Ke6 48. Ng5+ Kd6 49. Nf3 h6 50. Nxh2 g5 51. Ng4 gxh4 52. gxh4 Kxe7 53. Nxh6 Bd7 54. Ke3 Kf6 55. Kf4 Kg6 56. Ng8 Kf7 57. Nh6+ Kg6 58. Ng4 Bxg4 59. Kxg4 Kh6 60. h5 Kh7 61. Kg5 Kg7 62. Kf5 Kh6 63. Ke5 Kxh5 64. Kd5 Kg6 65. Kc6 Kf7 66. Kb5 Ke7 67. Kxa4 Kd7 1/2-1/2

[Event "Spilimbergo op 16th"]
[Site "Spilimbergo"]
[Date "2018.08.11"]
[Round "2"]
[White "Borisek, Jure"]
[Black "Bove, Alessandro"]
[Result "1-0"]
[WhiteElo "2576"]
[BlackElo "2308"]
[PlyCount "45"]
[EventDate "2018.08.10"]
[EventType "swiss"]
[EventRounds "9"]
[EventCountry "ITA"]
[SourceTitle "CBM 186 Extra"]
[Source "ChessBase"]
[SourceDate "2018.08.24"]
[SourceVersion "1"]
[SourceVersionDate "2018.08.24"]
[SourceQuality "1"]

1. e4 c5 2. Nf3 e6 3. d4 cxd4 4. Nxd4 Nc6 5. Nc3 Qc7 6. Be3 Nf6 7. Ndb5 Qb8 8. Qd2 a6 9. Nd4 Bb4 10. f3 d5 11. a3 Bxc3 12. Qxc3 Ne7 13. Nb3 dxe4 14. fxe4 0-0 15. 0-0-0 b5 16. Nc5 a5 17. Be2 b4 18. Qd4 bxa3 19. bxa3 Bb7 20. Rhf1 Rc8 21. Rxf6 Nc6 22. Qb2 gxf6 23. Nd7 1-0

[Event "Villorba Vergani Cup 2nd"]
[Site "Villorba"]
[Date "2018.01.03"]
[Round "2"]
[White "Bove, Alessandro"]
[Black "Loiacono, Antonio"]
[Result "1/2-1/2"]
[WhiteElo "2310"]
[BlackElo "2217"]
[PlyCount "119"]
[EventDate "2018.01.02"]
[EventType "swiss"]
[EventRounds "9"]
[EventCountry "ITA"]
[SourceTitle "CBM 182 Extra"]
[Source "ChessBase"]
[SourceDate "2018.02.23"]
[SourceVersion "1"]
[SourceVersionDate "2018.02.23"]
[SourceQuality "1"]

1. e4 e5 2. Nf3 Nc6 3. Bc4 Bc5 4. c3 Nf6 5. d4 exd4 6. e5 d5 7. Bb5 Ne4 8. cxd4 Bb6 9. h3 0-0 10. 0-0 f6 11. Be3 Ne7 12. Nc3 Nxc3 13. bxc3 fxe5 14. Nxe5 c6 15. Bd3 Bf5 16. g4 Bxd3 17. Qxd3 Bc7 18. f4 Nc8 19. f5 Nd6 20. Bf4 Ne4 21. Kg2 Bd6 22. Rac1 Qa5 23. Rc2 Rae8 24. c4 Re7 25. Qb3 Rfe8 26. cxd5 Qxd5 27. Qxd5+ cxd5 28. Nd3 Rd8 29. Re1 Kf7 30. Bxd6 Rxd6 31. Rc8 Ra6 32. Re2 g5 33. Ne5+ Kg7 34. Rec2 Nf6 35. R8c7 Rxc7 36. Rxc7+ Kg8 37. Rxb7 Rxa2+ 38. Kg1 Ra1+ 39. Kf2 Ra3 40. Rb8+ Kg7 41. Rb7+ Kg8 42. Rf7 Ne4+ 43. Ke2 Ra2+ 44. Kd3 Ra6 45. Rd7 Nf6 46. Rd8+ Kg7 47. Kc2 Ra4 48. Nf3 h6 49. Rb8 Ra3 50. Rb7+ Kg8 51. Rb3 Ra4 52. Kb2 Kg7 53. Ra3 Rxa3 54. Kxa3 Ne4 55. Kb4 Kf6 56. Kb5 Nf2 57. Kc5 Nxh3 58. Kxd5 h5 59. gxh5 Kxf5 60. h6 1/2-1/2

[Event "ITA-chT 49th"]
[Site "Gallipoli"]
[Date "2017.04.29"]
[Round "4.5"]
[White "Bove, Alessandro"]
[Black "Stromboli, Ettore"]
[Result "1/2-1/2"]
[WhiteElo "2315"]
[BlackElo "2306"]
[PlyCount "62"]
[EventDate "2017.04.27"]
[EventType "team-swiss"]
[EventRounds "7"]
[EventCountry "ITA"]
[SourceTitle "CBM 178 Extra"]
[Source "ChessBase"]
[SourceDate "2017.06.22"]
[SourceVersion "1"]
[SourceVersionDate "2017.06.22"]
[SourceQuality "1"]
[WhiteTeam "WorldtradingLab"]
[BlackTeam "Partenopea"]
[WhiteTeamCountry "ITA"]
[BlackTeamCountry "ITA"]

1. d4 Nf6 2. g3 e6 3. Bg2 c5 4. Nf3 Nc6 5. dxc5 Bxc5 6. 0-0 0-0 7. c4 d5 8. cxd5 exd5 9. Bg5 d4 10. Nbd2 h6 11. Ne4 Be7 12. Bxf6 Bxf6 13. Rc1 Re8 14. Nc5 Qb6 15. b3 Be7 16. Nd3 Ba3 17. Rc4 Bf5 18. Ra4 Bf8 19. Nb2 Rad8 20. Rc4 Be4 21. Nd3 Na5 22. Rc2 Nc6 23. Nfe1 Nb4 24. Nxb4 Bxb4 25. Bxe4 Bxe1 26. Rxe1 Rxe4 27. Qd3 Rde8 28. Rc4 Qa5 29. b4 Qxa2 30. Rxd4 Rxe2 31. Rxe2 Qxe2 1/2-1/2

[Event "ITA-ch sf 76th"]
[Site "Civitanova Marche"]
[Date "2016.07.17"]
[Round "9"]
[White "Bove, Alessandro"]
[Black "Gilevich, Artem"]
[Result "0-1"]
[WhiteElo "2306"]
[BlackElo "2415"]
[PlyCount "110"]
[EventDate "2016.07.09"]
[EventType "swiss"]
[EventRounds "9"]
[EventCountry "ITA"]
[SourceTitle "CBM 173 Extra"]
[Source "ChessBase"]
[SourceDate "2016.08.29"]
[SourceVersion "1"]
[SourceVersionDate "2016.08.29"]
[SourceQuality "1"]

1. e4 e6 2. d4 d5 3. Nd2 Nf6 4. e5 Nfd7 5. c3 c5 6. f4 b6 7. Ndf3 Ba6 8. Ne2 Nc6 9. a3 Be7 10. h4 0-0 11. g3 f5 12. h5 Rc8 13. Bh3 cxd4 14. cxd4 Na5 15. b4 Bxe2 16. Kxe2 Nc4 17. g4 Qe8 18. Qd3 Qf7 19. Kf2 b5 20. Kg2 Ndb6 21. Ra2 Rc6 22. Rf2 Nc8 23. Rg1 Bd8 24. Kh2 Kh8 25. Rfg2 Ne7 26. Nh4 fxg4 27. Bxg4 Ng8 28. Qh3 Bxh4 29. Qxh4 Qe7 30. Qh3 Nh6 31. Be2 Rf7 32. Bd3 Qf8 33. Rg5 Nf5 34. Rg6 h6 35. Bb1 Rb6 36. Qd3 Qe7 37. R6g4 Kg8 38. Bd2 Kf8 39. Be1 Nce3 40. Rg6 Nc4 41. Qh3 Rb7 42. Bf2 Rc7 43. Bd3 a6 44. R1g2 Nd2 45. Qg4 Rc3 46. Qe2 Nh4 47. R6g4 Nxg2 48. Qxd2 Rxd3 49. Qxd3 Nxf4 50. Qh7 Ke8 51. Bh4 Qf8 52. Qc2 Kd7 53. Rg1 Qc8 54. Rf1 Rf5 55. Bg3 Rxh5+ 0-1

[Event "ITA-ch sf 76th"]
[Site "Civitanova Marche"]
[Date "2016.07.11"]
[Round "3"]
[White "Bove, Alessandro"]
[Black "Bruno, Fabio"]
[Result "1/2-1/2"]
[WhiteElo "2306"]
[BlackElo "2432"]
[PlyCount "115"]
[EventDate "2016.07.09"]
[EventType "swiss"]
[EventRounds "9"]
[EventCountry "ITA"]
[SourceTitle "CBM 173 Extra"]
[Source "ChessBase"]
[SourceDate "2016.08.29"]
[SourceVersion "1"]
[SourceVersionDate "2016.08.29"]
[SourceQuality "1"]

1. e4 c5 2. Nf3 e6 3. Be2 d6 4. 0-0 Nf6 5. Nc3 Be7 6. e5 dxe5 7. Nxe5 0-0 8. Bf3 Nbd7 9. Nc4 Nb6 10. d3 Nbd5 11. Bg5 b6 12. a4 Bb7 13. a5 Nxc3 14. bxc3 Bxf3 15. Qxf3 Nd5 16. Bxe7 Qxe7 17. Rfe1 Qf6 18. Qxf6 gxf6 19. Rab1 Rfb8 20. Rb3 b5 21. Nd6 a6 22. g3 Kg7 23. Reb1 Rd8 24. Ne4 Rac8 25. c4 bxc4 26. dxc4 Nb4 27. Nxc5 Rxc5 28. Rxb4 Rd2 29. R1b2 Rxa5 30. c3 Rd1+ 31. Kg2 Rc1 32. R4b3 h5 33. Rd2 Rc5 34. Rd7 Kg6 35. Rbb7 Rxc3 36. Rxf7 R3xc4 37. Rh7 e5 38. Rbg7+ Kf5 39. Rxh5+ Ke6 40. Rhh7 Ra5 41. Rb7 Rb5 42. Ra7 Ra5 43. Rhb7 Rc6 44. Rb2 Kf5 45. h4 Ra4 46. Rg7 Rc1 47. Kf3 Ra3+ 48. Ke2 Raa1 49. h5 Rh1 50. g4+ Kf4 51. Rf7 Rae1+ 52. Kd2 Rd1+ 53. Kc2 Rc1+ 54. Kd2 Rhd1+ 55. Ke2 Re1+ 56. Kd2 Red1+ 57. Ke2 Re1+ 58. Kd2 1/2-1/2

[Event "ITA-ch 75th"]
[Site "Milan"]
[Date "2015.12.07"]
[Round "7"]
[White "Rombaldoni, Axel"]
[Black "Bove, Alessandro"]
[Result "1-0"]
[WhiteElo "2539"]
[BlackElo "2360"]
[PlyCount "71"]
[EventDate "2015.11.30"]
[EventType "tourn"]
[EventRounds "11"]
[EventCountry "ITA"]
[EventCategory "10"]
[SourceTitle "CBM 169 Extra"]
[Source "ChessBase"]
[SourceDate "2015.12.18"]
[SourceVersion "1"]
[SourceVersionDate "2015.12.18"]
[SourceQuality "1"]

1. e4 Nf6 2. e5 Nd5 3. d4 d6 4. Nf3 g6 5. h4 Bg4 6. h5 gxh5 7. Be2 Qd7 8. c4 Nb6 9. exd6 exd6 10. Nc3 Bg7 11. a4 a5 12. Be3 Na6 13. Qd2 Nb4 14. b3 c6 15. Na2 Nxa2 16. Rxa2 Nc8 17. Ng5 Bf5 18. Bxh5 Bg6 19. Kf1 Ne7 20. Bxg6 hxg6 21. Rxh8+ Bxh8 22. Bf4 Qf5 23. Ra1 f6 24. Ne4 Qxe4 25. Re1 Qf5 26. Bxd6 0-0-0 27. Bxe7 Rd7 28. Qh6 Qh5 29. Qf8+ Kc7 30. c5 Qh1+ 31. Ke2 Qxg2 32. Bd6+ Rxd6 33. Qxd6+ Kc8 34. Qf8+ Kc7 35. Qxh8 Qe4+ 36. Kf1 1-0

[Event "ITA-ch sf"]
[Site "Porto San Giorgio"]
[Date "2015.07.13"]
[Round "4"]
[White "Bove, Alessandro"]
[Black "Rombaldoni, Denis"]
[Result "1-0"]
[WhiteElo "2322"]
[BlackElo "2478"]
[PlyCount "124"]
[EventDate "2015.07.11"]
[EventType "swiss"]
[EventRounds "8"]
[EventCountry "ITA"]
[SourceTitle "EXT 2024"]
[Source "ChessBase"]
[SourceDate "2023.10.10"]
[SourceVersion "1"]
[SourceVersionDate "2023.10.10"]
[SourceQuality "1"]

1. e4 d6 2. Nc3 e5 3. f4 exf4 4. d4 Qh4+ 5. Ke2 Bg4+ 6. Nf3 Bxf3+ 7. gxf3 Nf6 8. Qd2 g5 9. Kd1 c6 10. Rg1 Nbd7 11. Qe2 0-0-0 12. Bd2 Rg8 13. h3 Qh6 14. Qc4 d5 15. Qa4 dxe4 16. Qxa7 e3 17. Be1 Nd5 18. Nxd5 cxd5 19. Ba5 Be7 20. c4 Qa6 21. Qxa6 bxa6 22. Bxd8 Rxd8 23. Rc1 dxc4 24. Bxc4 Kb7 25. Ke2 Nb8 26. d5 f5 27. Rgd1 Bb4 28. Rg1 h6 29. Rc2 Bd2 30. Bb3 Rd6 31. h4 g4 32. fxg4 Nd7 33. gxf5 Ne5 34. Rg7+ Kb6 35. Rxd2 exd2 36. Kxd2 Rf6 37. Ke2 Rxf5 38. Bc2 f3+ 39. Kf2 Rf4 40. Re7 Ng4+ 41. Kg3 f2 42. Bd3 Rd4 43. Re6+ Kc5 44. Bxa6 Kxd5 45. Rg6 Ne5 46. Rxh6 Ra4 47. Be2 Rxa2 48. Rb6 Ra1 49. Kxf2 Rh1 50. h5 Kd4 51. Rb4+ Kc5 52. Rb8 Kd4 53. Rb4+ Kc5 54. Rb7 Kd4 55. Rg7 Rh2+ 56. Rg2 Rh1 57. b4 Rb1 58. b5 Ke4 59. Rh2 Rb2 60. Rh4+ Kf5 61. h6 Ng6 62. h7 Kf6 1-0

[Event "Salinello op 1st"]
[Site "Tortoreto"]
[Date "2015.05.29"]
[Round "5"]
[White "Pap, Misa"]
[Black "Bove, Alessandro"]
[Result "1-0"]
[WhiteElo "2488"]
[BlackElo "2318"]
[PlyCount "77"]
[EventDate "2015.05.26"]
[EventType "swiss"]
[EventRounds "9"]
[EventCountry "ITA"]
[SourceTitle "CBM 166 Extra"]
[Source "ChessBase"]
[SourceDate "2015.06.18"]
[SourceVersion "1"]
[SourceVersionDate "2015.06.18"]
[SourceQuality "1"]

1. e4 g6 2. d4 Bg7 3. Nf3 c6 4. h3 d5 5. Nbd2 dxe4 6. Nxe4 Nd7 7. Bc4 Nb6 8. Bb3 a5 9. a4 Nf6 10. Ng3 0-0 11. 0-0 Nbd5 12. Re1 e6 13. Ne5 Nd7 14. c4 Nb4 15. Nf3 c5 16. Bg5 f6 17. Bf4 cxd4 18. Rxe6 Ne5 19. Rd6 Qe7 20. c5+ Kh8 21. Rxd4 Qxc5 22. Be3 Qe7 23. Rc1 Nbc6 24. Rd2 Nxf3+ 25. Qxf3 Qb4 26. Qd1 Re8 27. Rc4 Qe7 28. Re4 Ne5 29. Bd4 Bf5 30. Nxf5 gxf5 31. Rh4 Ng6 32. Rh5 Rad8 33. Rxf5 Qe1+ 34. Qxe1 Rxe1+ 35. Kh2 Re4 36. Rd5 Ree8 37. Bb6 Rxd5 38. Rxd5 Ne5 39. Bxa5 1-0

[Event "Salinello op 1st"]
[Site "Tortoreto"]
[Date "2015.05.27"]
[Round "2"]
[White "Bove, Alessandro"]
[Black "Boruchovsky, Avital"]
[Result "0-1"]
[WhiteElo "2318"]
[BlackElo "2517"]
[PlyCount "66"]
[EventDate "2015.05.26"]
[EventType "swiss"]
[EventRounds "9"]
[EventCountry "ITA"]
[SourceTitle "CBM 166 Extra"]
[Source "ChessBase"]
[SourceDate "2015.06.18"]
[SourceVersion "1"]
[SourceVersionDate "2015.06.18"]
[SourceQuality "1"]

1. e4 c5 2. Nf3 e6 3. d4 cxd4 4. Nxd4 a6 5. Nc3 Qc7 6. Qd3 Nf6 7. Qg3 d6 8. Bd3 b5 9. 0-0 b4 10. Nb1 Nbd7 11. Bd2 Bb7 12. Re1 Nc5 13. Bxb4 Nfxe4 14. Bxe4 Nxe4 15. Qe3 Be7 16. Nc3 Nf6 17. Rad1 0-0 18. Qh3 Rfe8 19. Nb3 Rab8 20. a3 Nd5 21. Nxd5 Bxd5 22. Qg3 Qxc2 23. Nd4 Qg6 24. Qxg6 hxg6 25. Ne2 Rb6 26. Rc1 Rc6 27. Nd4 Rxc1 28. Rxc1 Bf6 29. Rd1 Rc8 30. f4 Rc4 31. Bc3 Be4 32. g3 d5 33. h4 Be7 0-1

[Event "Amantea op 12th"]
[Site "Amantea"]
[Date "2014.09.11"]
[Round "6"]
[White "Bruno, Fabio"]
[Black "Bove, Alessandro"]
[Result "1/2-1/2"]
[WhiteElo "2436"]
[BlackElo "2302"]
[PlyCount "35"]
[EventDate "2014.09.07"]
[EventType "swiss"]
[EventRounds "9"]
[EventCountry "ITA"]
[SourceTitle "CBM 162 Extra"]
[Source "ChessBase"]
[SourceDate "2014.10.17"]
[SourceVersion "1"]
[SourceVersionDate "2014.10.17"]
[SourceQuality "1"]

1. d4 Nf6 2. Nf3 g6 3. c4 Bg7 4. Nc3 0-0 5. e4 d6 6. Be2 e5 7. 0-0 exd4 8. Nxd4 Re8 9. f3 c6 10. Kh1 Nbd7 11. Be3 d5 12. cxd5 Nxd5 13. Nxd5 cxd5 14. Nb5 Nb6 15. Bd4 Bxd4 16. Qxd4 a6 17. Nc3 dxe4 18. Qxd8 1/2-1/2

[Event "Amantea op 12th"]
[Site "Amantea"]
[Date "2014.09.09"]
[Round "3"]
[White "Bove, Alessandro"]
[Black "Rasmussen, Allan Stig"]
[Result "1-0"]
[WhiteElo "2302"]
[BlackElo "2517"]
[PlyCount "79"]
[EventDate "2014.09.07"]
[EventType "swiss"]
[EventRounds "9"]
[EventCountry "ITA"]
[SourceTitle "CBM 162 Extra"]
[Source "ChessBase"]
[SourceDate "2014.10.17"]
[SourceVersion "1"]
[SourceVersionDate "2014.10.17"]
[SourceQuality "1"]

1. e4 c5 2. Nf3 e6 3. d4 cxd4 4. Nxd4 a6 5. Nc3 Qc7 6. Qg4 b5 7. a3 Nf6 8. Qg3 d6 9. Bd3 Nbd7 10. 0-0 g6 11. a4 b4 12. Na2 e5 13. Nb3 Bb7 14. Re1 d5 15. exd5 Nxd5 16. Bd2 Bd6 17. c4 bxc3 18. Nxc3 f5 19. Rac1 Qd8 20. Nd4 Nxc3 21. Bxc3 Rc8 22. Bxf5 gxf5 23. Nxf5 Bb8 24. Rcd1 Rxc3 25. Qxc3 Qg5 26. Ng3 Rf8 27. Qb4 Bc6 28. Rxd7 Bxd7 29. Qxb8+ Kf7 30. Qd6 Bxa4 31. Ne4 Qf4 32. Qxa6 Bd7 33. g3 Qg4 34. Qf6+ Kg8 35. Qxe5 Qg6 36. Qg5 Qxg5 37. Nxg5 Rb8 38. Re2 h6 39. Ne4 Bh3 40. f3 1-0

[Event "Iasi op"]
[Site "Iasi"]
[Date "2014.05.13"]
[Round "4"]
[White "Bove, Alessandro"]
[Black "Budur, Costel"]
[Result "0-1"]
[WhiteElo "2357"]
[BlackElo "2056"]
[PlyCount "48"]
[EventDate "2014.05.10"]
[EventType "swiss"]
[EventRounds "9"]
[EventCountry "ROU"]
[SourceTitle "CBM 160 Extra"]
[Source "ChessBase"]
[SourceDate "2014.07.01"]
[SourceVersion "1"]
[SourceVersionDate "2014.07.01"]
[SourceQuality "1"]

1. e4 e6 2. Qe2 c5 3. Nf3 Nc6 4. g3 g6 5. Na3 a6 6. Bg2 b5 7. h4 h6 8. c3 Bg7 9. Nc2 Qb6 10. 0-0 Nge7 11. Rd1 d5 12. d4 dxe4 13. Qxe4 0-0 14. Be3 f5 15. Qd3 c4 16. Qd2 Nd5 17. Bxh6 f4 18. Bxg7 Kxg7 19. Re1 Qc7 20. Ne5 Nce7 21. Qe2 Bb7 22. h5 Rf5 23. Nxg6 Nxg6 24. Qxe6 Rxh5 0-1

[Event "Padova op-A 16th"]
[Site "Padova"]
[Date "2013.12.16"]
[Round "2"]
[White "Dvirnyy, Danyyil"]
[Black "Bove, Alessandro"]
[Result "1/2-1/2"]
[WhiteElo "2560"]
[BlackElo "2371"]
[PlyCount "45"]
[EventDate "2013.12.15"]
[EventType "swiss"]
[EventRounds "9"]
[EventCountry "ITA"]
[SourceTitle "CBM 158 Extra"]
[Source "ChessBase"]
[SourceDate "2014.02.28"]
[SourceVersion "1"]
[SourceVersionDate "2014.02.28"]
[SourceQuality "1"]

1. Nf3 d5 2. g3 e6 3. Bg2 b5 4. 0-0 Nf6 5. b3 Bb7 6. c4 b4 7. a3 a5 8. d4 c5 9. dxc5 Bxc5 10. cxd5 Bxd5 11. axb4 Bxb4 12. Bb2 Nbd7 13. Nc3 Bxc3 14. Bxc3 Qb6 15. Ra3 0-0 16. Qa1 Rfb8 17. Bxa5 Qa6 18. b4 Nb6 19. Rc1 Nc4 20. Ra4 Nb6 21. Ra3 Nc4 22. Ra4 Nb6 23. Ra3 1/2-1/2

[Event "ITA-ch sf 73rd"]
[Site "Civitanova Marche"]
[Date "2013.07.28"]
[Round "9"]
[White "Bove, Alessandro"]
[Black "Esposito, Luca"]
[Result "1-0"]
[WhiteElo "2365"]
[BlackElo "2277"]
[PlyCount "69"]
[EventDate "2013.07.20"]
[EventType "swiss"]
[EventRounds "9"]
[EventCountry "ITA"]
[SourceTitle "EXT 2015"]
[Source "ChessBase"]
[SourceDate "2014.11.20"]
[SourceVersion "1"]
[SourceVersionDate "2014.11.20"]
[SourceQuality "1"]

1. e4 c5 2. Nf3 e6 3. d4 cxd4 4. Nxd4 Nc6 5. Nxc6 bxc6 6. Bd3 Nf6 7. 0-0 d5 8. Nd2 Be7 9. Qe2 Nd7 10. c4 0-0 11. b3 Bf6 12. Ba3 Bxa1 13. Bxf8 Bd4 14. Bd6 Nc5 15. e5 Nxd3 16. Qxd3 Bb6 17. c5 Bc7 18. Bxc7 Qxc7 19. Qc3 Bd7 20. Nf3 Rf8 21. Re1 f5 22. Nd4 Rf7 23. h4 h6 24. h5 Qd8 25. Nf3 f4 26. Nd4 Qg5 27. Qh3 Rf8 28. b4 Rb8 29. a3 a6 30. Nxc6 Bxc6 31. Qxe6+ Kh7 32. Qxc6 Qxh5 33. Qxd5 Rf8 34. Qe4+ Kg8 35. c6 1-0

[Event "ITA-ch sf 73rd"]
[Site "Civitanova Marche"]
[Date "2013.07.26"]
[Round "7"]
[White "Bove, Alessandro"]
[Black "Sibilio, Mario"]
[Result "0-1"]
[WhiteElo "2365"]
[BlackElo "2306"]
[PlyCount "74"]
[EventDate "2013.07.20"]
[EventType "swiss"]
[EventRounds "9"]
[EventCountry "ITA"]
[SourceTitle "EXT 2015"]
[Source "ChessBase"]
[SourceDate "2014.11.20"]
[SourceVersion "1"]
[SourceVersionDate "2014.11.20"]
[SourceQuality "1"]

1. Nf3 Nf6 2. c4 d6 3. d4 Nbd7 4. Nc3 e5 5. e4 Be7 6. Be2 0-0 7. 0-0 Re8 8. Qc2 Bf8 9. Rd1 c6 10. h3 exd4 11. Nxd4 Nc5 12. Bf3 a5 13. Bf4 Qb6 14. b3 g6 15. Rd2 Nfd7 16. Rad1 Ne5 17. Be2 f6 18. Be3 Qc7 19. a3 Qf7 20. Qb1 f5 21. exf5 gxf5 22. Nf3 Qf6 23. Bxc5 Nxf3+ 24. Bxf3 dxc5 25. Qc2 Be6 26. Na4 Rad8 27. Rxd8 Rxd8 28. Rxd8 Qxd8 29. Qe2 Kf7 30. Qe5 Qf6 31. Bh5+ Kg7 32. Qc7+ Kh6 33. Bf3 Qa1+ 34. Kh2 Qd4 35. g3 Bd6 36. Qxa5 Qxf2+ 37. Bg2 Qxg3+ 0-1

[Event "ITA-ch sf 73rd"]
[Site "Civitanova Marche"]
[Date "2013.07.25"]
[Round "6"]
[White "De Filomeno, Simone"]
[Black "Bove, Alessandro"]
[Result "1-0"]
[WhiteElo "2385"]
[BlackElo "2365"]
[PlyCount "97"]
[EventDate "2013.07.20"]
[EventType "swiss"]
[EventRounds "9"]
[EventCountry "ITA"]
[SourceTitle "EXT 2015"]
[Source "ChessBase"]
[SourceDate "2014.11.20"]
[SourceVersion "1"]
[SourceVersionDate "2014.11.20"]
[SourceQuality "1"]

1. e4 e6 2. d4 d5 3. Nd2 Nf6 4. e5 Nfd7 5. Bd3 c5 6. c3 Nc6 7. Ne2 a5 8. 0-0 a4 9. Nf3 a3 10. c4 Nb6 11. cxd5 axb2 12. Bxb2 Nxd5 13. a4 Bd7 14. Ng3 cxd4 15. Nxd4 Nxd4 16. Bxd4 Nb4 17. Be4 Bc6 18. Bxc6+ Nxc6 19. Bc3 Qxd1 20. Rfxd1 Nb4 21. a5 Nd5 22. Be1 Be7 23. Rab1 0-0 24. Rxb7 Bd8 25. Ra1 Bc7 26. f4 Bb6+ 27. Kf1 Be3 28. Ne2 Nxf4 29. Nxf4 Bxf4 30. Bc3 Ra6 31. g3 Be3 32. Ke2 Ba7 33. Ra4 Rc8 34. Kd3 Rac6 35. Rxa7 Rxc3+ 36. Kd4 h5 37. Rb7 h4 38. Rb8 Rxb8 39. Kxc3 hxg3 40. hxg3 Kh7 41. Kd4 Kg6 42. Kc5 Kf5 43. Kd6 Rd8+ 44. Kc7 Re8 45. a6 Kxe5 46. a7 f5 47. a8Q Rxa8 48. Rxa8 g5 49. Rg8 1-0